|
|
|
|
| LEADER |
00000nam0a2200000 4500 |
| 001 |
77817 |
| 005 |
20231031093431.0 |
| 010 |
|
|
|a 5274000061
|
| 035 |
|
|
|a (RuTPU)RU\TPU\book\83419
|
| 090 |
|
|
|a 77817
|
| 100 |
|
|
|a 20050530d1989 m y0rusy50 ca
|
| 101 |
0 |
|
|a rus
|
| 102 |
|
|
|a RU
|
| 105 |
|
|
|a a j 001zy
|
| 200 |
1 |
|
|a Газоснабжение
|e учебник
|f А. А. Ионин
|
| 205 |
|
|
|a 4-е изд., перераб. и доп.
|
| 210 |
|
|
|a Москва
|c Стройиздат
|d 1989
|
| 215 |
|
|
|a 440 с.
|c ил.
|
| 320 |
|
|
|a Библиогр.: с. 433.
|
| 320 |
|
|
|a Предметный указатель: с. 434-435.
|
| 451 |
|
1 |
|0 (RuTPU)RU\TPU\book\86324
|t Газоснабжение
|o учебник
|f А. А. Ионин
|e 3-е изд., перераб. и доп.
|c М.
|n Стройиздат
|d 1981
|p 414 с.
|a Ионин, Александр Александрович
|
| 610 |
1 |
|
|a газоснабжение
|
| 610 |
1 |
|
|a учебники
|
| 610 |
1 |
|
|a горючие газы
|
| 610 |
1 |
|
|a добыча
|
| 610 |
1 |
|
|a распределительные системы
|
| 610 |
1 |
|
|a газ
|
| 610 |
1 |
|
|a горение
|
| 610 |
1 |
|
|a газоснабжение
|
| 675 |
|
|
|a 696.2(075.8)
|v 3
|
| 700 |
|
1 |
|a Ионин
|b А. А.
|g Александр Александрович
|
| 801 |
|
1 |
|a RU
|b 63413507
|c 20050530
|g PSBO
|
| 801 |
|
2 |
|a RU
|b 63413507
|c 20100907
|g PSBO
|
| 900 |
|
|
|a Газоснабжение промпредприятий
|
| 942 |
|
|
|c BK
|